| 000 | 00661nam a2200253Ia 4500 | ||
|---|---|---|---|
| 003 | OSt | ||
| 005 | 20220924125852.0 | ||
| 006 | a|||||r|||| 00| 0 | ||
| 007 | ta | ||
| 008 | 220923b |||||||| |||| 00| 0 per d | ||
| 024 | _a330487 | ||
| 037 | _cTextual | ||
| 040 |
_aARTS _cARTS _bper |
||
| 041 |
_2per _aper |
||
| 082 | _aR39(Y15), 164P0 | ||
| 245 | 0 | _aBolton, marja-e-feminism | |
| 260 |
_aTehran _bIntisharat-e-bain-al-milli Iran _c2000 |
||
| 300 |
_a914p. _ccm. |
||
| 650 | _a PERSIAN LANGUAGE | ||
| 650 | _a PHILOSOPHY | ||
| 650 |
_aFEMINISM _943 |
||
| 942 |
_hR39(Y15), 164P0 _cTEXL _2CC |
||
| 999 |
_c423572 _d423572 |
||